000 00796nam a2200253 i 4500
001 000017802
003 DO-SdBNP
005 20241024110543.0
007 ta
008 100406s1981 dr a 000 0 spa d
040 _aDO-SdBNP
_bspa
_cBNPHU
_erda
082 _axxx
_bR763r
_222
100 1 _aRomero Ramos, Darío
_eautor
_927144
245 1 0 _aRescate desde Manaclas /
_cDarío Romero Ramos ; prólogo Rocio Hernández De Frias.
264 _aSanto Domingo :
_bLa Imprenta,
_c1981.
300 _a159 páginas :
_bilustraciones ;
_c23 cm.
336 _ardacontent
_btexto
_2txt
337 _ardamedia
_bsin mediación
_2n
338 _ardacarrier
_bvolumen
_2nc
590 _aInventariado, 2024/DG
700 1 _aHernández Frias, Rocio De,
_eprólogo
_938695
910 _aDG
942 _2ddc
_cLBS1
999 _c17327
_d17327